000
00263nam a22001217a 4500
999
_c
158302
_d
158302
082
_a
_b
100
_a
Anupchand Kapur
245
_a
Select constitutions/
_c
by Anupchand Kapur.
260
_a
_b
S Chand,
_c
1995.
300
_a
293p.
650
_a
942
_c
BK